Hotel Paradise / (Record no. 537)
[ view plain ]
| 000 -LEADER | |
|---|---|
| fixed length control field | 00668nam a2200229 4500 |
| 001 - CONTROL NUMBER | |
| control field | 736 |
| 003 - CONTROL NUMBER IDENTIFIER | |
| control field | OCoLC |
| 005 - DATE AND TIME OF LATEST TRANSACTION | |
| control field | 20181127161935.0 |
| 008 - FIXED-LENGTH DATA ELEMENTS--GENERAL INFORMATION | |
| fixed length control field | 970528t19971996nyu 000 1 eng d |
| 010 ## - LIBRARY OF CONGRESS CONTROL NUMBER | |
| LC control number | 97093062 |
| 020 ## - INTERNATIONAL STANDARD BOOK NUMBER | |
| International Standard Book Number | 0345394259 (pbk.) |
| 092 ## - LOCALLY ASSIGNED DEWEY CALL NUMBER (OCLC) | |
| Classification number | 813/.54 |
| 100 1# - MAIN ENTRY--PERSONAL NAME | |
| Personal name | Grimes, Martha. |
| 245 10 - TITLE STATEMENT | |
| Title | Hotel Paradise / |
| Statement of responsibility, etc. | Martha Grimes. |
| 260 ## - PUBLICATION, DISTRIBUTION, ETC. | |
| Place of publication, distribution, etc. | New York : |
| Name of publisher, distributor, etc. | Ballantine Books, |
| Date of publication, distribution, etc. | 1997. |
| 300 ## - PHYSICAL DESCRIPTION | |
| Extent | 438 p. ; |
| Dimensions | 18 cm. |
| 650 #0 - SUBJECT ADDED ENTRY--TOPICAL TERM | |
| Topical term or geographic name entry element | City and town life |
| Geographic subdivision | Appalachian Region |
| General subdivision | Fiction. |
| Topical term or geographic name entry element | Girls |
| Geographic subdivision | Appalachian Region |
| General subdivision | Fiction. |
| Topical term or geographic name entry element | Hotels |
| Geographic subdivision | Appalachian Region |
| General subdivision | Fiction. |
| 655 #7 - INDEX TERM--GENRE/FORM | |
| Genre/form data or focus term | Bilungsromane. |
| Source of term | gsafd. |
| Genre/form data or focus term | Mystery fiction. |
| Source of term | gsafd. |
| Withdrawn status | Lost status | Source of classification or shelving scheme | Damaged status | Not for loan | Collection code | Home library | Current library | Shelving location | Date acquired | Serial Enumeration / chronology | Inventory number | Total Checkouts | Full call number | Barcode | Date last seen | Price effective from | Koha item type |
|---|---|---|---|---|---|---|---|---|---|---|---|---|---|---|---|---|---|
| Dewey Decimal Classification | Fiction | RTC Library | RTC Library | Fiction | 07/04/2022 | 2105 | FIC 813.54 GRI | 30000879 | 03/01/2022 | 27/11/2018 | Fiction |